Familles de primates - Statistiques

Statistiques générales
  • Ce quiz a été pris 13 fois
  • Le résultat moyen est 5 sur 12
Statistiques - réponses
Par images Réponse % Correct
Hominidés
83%
Cébidés
50%
Hylobatidés
50%
Lémuridés
50%
Atélidés
33%
Callitrichidés
33%
Cercopithécidés
33%
Galagidés
33%
Lorisidés
33%
Tarsidés
33%
Aotidés
17%
Pithéciidés
17%
Aucun quiz correspondant
Distribution des résultats
% des personnes avec chaque résultat
Percentile par nombre de réponses
Votre historique - résultats
Vous n’avez pas pris ce quiz